00329pab a2200121 454500008004000000100001900040245007700059260000900136300001300145362001200158650001100170773002600181180718b2003 xxu||||| |||| 00| 0 eng d aSiwach, Sunita aPredictors of police specific stress and job outcome in police personnel c2003 ap.21-28. aJan-Mar aPolice aIndian Police Journal